[Event "AUTO-OPEN-4425"]
[Site "http://www.queenalice.com/game.php?id=1806501"]
[Date "2023.2.21"]
[Round "1"]
[White "AndreTheFrog"]
[Black "JailtonMaster"]
[Result "1-0"]
[WhiteElo "1612"]
[BlackElo "1665"]

1. e4 c5 2. Nf3 d6 3. Bc4 e6 4. O-O Nf6 5. Nc3 Be7 6. d3 O-O 7. Be3 Nc6 8. h3 d5
9. exd5 exd5 10. Bb5 Bd7 11. d4 cxd4 12. Bxd4 a6 13. Ba4 Nxd4 14. Nxd4 b5 15.
Bb3 Be6 16. a4 b4 17. Nce2 Rc8 18. Rc1 Ne4 19. c4 dxc4 20. Nxe6 fxe6 21. Bxc4
Rxc4 22. Rxc4 1-0

[Event "AUTO-OPEN-4425"]
[Site "http://www.queenalice.com/game.php?id=1806502"]
[Date "2023.2.21"]
[Round "1"]
[White "JailtonMaster"]
[Black "AndreTheFrog"]
[Result "0-1"]
[WhiteElo "1709"]
[BlackElo "1578"]

1. e4 e5 2. Nf3 Nc6 3. Bb5 a6 4. Ba4 b5 5. Bb3 h6 6. O-O Nf6 7. Re1 Bc5 8. c3
O-O 9. d4 exd4 10. cxd4 Bb6 11. e5 Nh7 12. d5 Ne7 13. e6 dxe6 14. dxe6 Bxe6 15.
Bxe6 fxe6 16. Qb3 Rf6 17. Rxe6 Rxe6 18. Qxe6+ Kh8 19. Nc3 b4 20. Ne2 Qd1+ 0-1

[Event "AUTO-OPEN-4425"]
[Site "http://www.queenalice.com/game.php?id=1806505"]
[Date "2023.2.21"]
[Round "1"]
[White "AndreTheFrog"]
[Black "IranSilva"]
[Result "0-1"]
[WhiteElo "1593"]
[BlackElo "2226"]

1. e4 c5 2. Nf3 d6 3. Bc4 Nc6 4. O-O Bg4 5. h3 Bh5 6. c3 Nf6 7. d4 Nxe4 8. Nbd2
Nxd2 9. Bxd2 e6 10. Qc2 Bxf3 11. gxf3 cxd4 12. cxd4 Nxd4 13. Qe4 Nc6 14. Bb5 d5
15. Qa4 Qd6 16. Bb4 Qxb4 17. Qxb4 Bxb4 18. Bxc6+ bxc6 19. a3 Bd6 20. b4 a5 21.
Rfc1 Kd7 22. Kg2 axb4 23. axb4 Rxa1 24. Rxa1 Rb8 25. Ra7+ Bc7 26. f4 Rxb4 27.
Kg3 c5 0-1

[Event "AUTO-OPEN-4425"]
[Site "http://www.queenalice.com/game.php?id=1806506"]
[Date "2023.2.21"]
[Round "1"]
[White "IranSilva"]
[Black "AndreTheFrog"]
[Result "1-0"]
[WhiteElo "2228"]
[BlackElo "1616"]

1. e4 e5 2. Nf3 Nc6 3. Bb5 a6 4. Ba4 b5 5. Bb3 h6 6. O-O Nf6 7. Re1 Bc5 8. c3
O-O 9. d3 d5 10. exd5 Nxd5 11. Nxe5 Nxe5 12. Rxe5 c6 13. Nd2 Re8 14. Rxe8+ Qxe8
15. Ne4 Qe7 16. Nxc5 Qxc5 17. d4 Qe7 18. c4 bxc4 19. Bxc4 Bb7 20. Bxd5 cxd5 21.
Be3 Re8 22. Rc1 Kf8 23. Qb3 Rc8 24. Rc5 Rxc5 25. dxc5 d4 26. Bd2 Qe2 27. Qb4 Kg8
28. h3 Qe4 29. f3 Qc6 30. Qxd4 f6 31. Qc4+ Kh8 32. b4 Qd7 33. Bf4 Bxf3 34. gxf3
Qd1+ 35. Kg2 g5 36. Be3 f5 37. Qd4+ Qxd4 38. Bxd4+ 1-0

[Event "AUTO-INT-3947"]
[Site "http://www.queenalice.com/game.php?id=1864142"]
[Date "2025.10.13"]
[Round "1"]
[White "jpribeiro"]
[Black "AndreTheFrog"]
[Result "0-1"]
[WhiteElo "1429"]
[BlackElo "1662"]

1. e4 e5 2. Nf3 Nc6 3. c3 Nf6 4. Qa4 a6 5. Qc2 Bc5 6. b4 Ba7 7. d4 d6 8. d5 Ne7
9. h3 O-O 10. Bg5 Ng6 11. h4 h6 12. Be3 Bxe3 13. fxe3 Ng4 0-1

[Event "AUTO-INT-3947"]
[Site "http://www.queenalice.com/game.php?id=1864143"]
[Date "2025.10.13"]
[Round "1"]
[White "AndreTheFrog"]
[Black "jpribeiro"]
[Result "1-0"]
[WhiteElo "1669"]
[BlackElo "1422"]

1. e4 c5 2. Nf3 d6 3. Nc3 a6 4. Bd3 b5 5. O-O c4 6. Be2 Nc6 7. d4 cxd3 8. cxd3
b4 9. Nd5 h6 10. Be3 Rb8 11. Qa4 Rb5 12. Bb6 1-0

[Event "AUTO-INT-3947"]
[Site "http://www.queenalice.com/game.php?id=1864170"]
[Date "2025.10.13"]
[Round "1"]
[White "AndreTheFrog"]
[Black "askasl159"]
[Result "1-0"]
[WhiteElo "1656"]
[BlackElo "1430"]

1. e4 e5 2. d4 d6 3. d5 c6 4. c4 Nf6 5. Nc3 cxd5 6. Nxd5 Be6 7. Bg5 Be7 8. Nf3
O-O 9. Bd3 h6 10. Bh4 Nc6 11. O-O g5 12. Bg3 1-0

[Event "AUTO-INT-3947"]
[Site "http://www.queenalice.com/game.php?id=1864171"]
[Date "2025.10.13"]
[Round "1"]
[White "askasl159"]
[Black "AndreTheFrog"]
[Result "0-1"]
[WhiteElo "1440"]
[BlackElo "1648"]

1. e4 e5 2. f4 exf4 3. Nf3 Nf6 4. e5 Qe7 5. d4 Nd5 6. Bc4 Ne3 7. Bxe3 fxe3 8.
O-O Nc6 9. Nc3 d6 10. exd6 cxd6 11. Qe2 Bf5 12. Nd5 Qd7 0-1

[Event "AUTO-OPEN-4619"]
[Site "http://www.queenalice.com/game.php?id=1864203"]
[Date "2025.10.13"]
[Round "1"]
[White "AndreTheFrog"]
[Black "Castling"]
[Result "0-1"]
[WhiteElo "1695"]
[BlackElo "1804"]

1. e4 e5 2. Nf3 d6 3. Nc3 a6 4. g3 Nf6 5. Bg2 h6 6. O-O Bg4 7. d3 Nc6 8. Ne2 Qd7
9. Nh4 Nd4 10. Re1 Nxe2+ 11. Rxe2 Bxe2 12. Qxe2 O-O-O 13. Nf5 Kb8 14. Be3 Qb5
15. c4 Qd7 16. a4 g6 17. Nh4 g5 18. Nf5 Ne8 19. Bh3 Ng7 20. b3 Nxf5 21. Bxf5 Qe7
22. d4 f6 23. d5 h5 24. f4 Bh6 25. Qxh5 gxf4 26. gxf4 Bxf4 27. Qf3 Rdg8+ 28. Kh1
Rxh2# 0-1

[Event "AUTO-OPEN-4619"]
[Site "http://www.queenalice.com/game.php?id=1864222"]
[Date "2025.10.13"]
[Round "1"]
[White "game"]
[Black "AndreTheFrog"]
[Result "0-1"]
[WhiteElo "1620"]
[BlackElo "1663"]

1. e4 e5 2. Nf3 Nc6 3. Bc4 Nf6 4. Ng5 d5 5. Bb3 Bc5 6. O-O O-O 7. exd5 Nxd5 8.
h4 Nf6 9. Nc3 h6 10. Nge4 Bb6 11. d3 Bg4 12. Qe1 Nd4 13. Nxf6+ Qxf6 14. Nd5 Qxh4
15. Qxe5 Ne2+ 16. Qxe2 Bxe2 17. g3 Qxg3+ 18. Kh1 Bf3# 0-1

[Event "AUTO-OPEN-4619"]
[Site "http://www.queenalice.com/game.php?id=1864223"]
[Date "2025.10.13"]
[Round "1"]
[White "AndreTheFrog"]
[Black "game"]
[Result "0-1"]
[WhiteElo "1677"]
[BlackElo "1619"]

1. e4 c5 2. Nf3 d6 3. c3 Nc6 4. d4 cxd4 5. cxd4 d5 6. Nc3 e6 7. Bd3 Nf6 8. O-O
dxe4 9. Nxe4 Nxd4 10. Bb5+ Nxb5 11. Nxf6+ gxf6 12. a4 Qxd1 13. Rxd1 e5 14. axb5
Bc5 15. h3 O-O 16. Ra4 Kh8 17. Kh2 Bxf2 18. Rd6 Rg8 19. Rxf6 Bg3+ 20. Kh1 Bd7
21. Rxf7 Bxb5 22. Ra3 Rac8 23. Rc3 Rgd8 24. Nd2 Bf4 25. Nb3 Rd1# 0-1